Auditoría financiera en entornos de computación en la nube (Registro nro. 17843)

Detalles MARC
000 -LEADER
fixed length control field 00439 a2200133 4500
001 - CONTROL NUMBER
control field ART_46054
005 - DATE AND TIME OF LATEST TRANSACTION
control field 20260410161731.0
008 - FIXED-LENGTH DATA ELEMENTS--GENERAL INFORMATION
fixed length control field 260409a
100 1# - MAIN ENTRY--PERSONAL NAME
Personal name López, María de los Á.
245 10 - TITLE STATEMENT
Title Auditoría financiera en entornos de computación en la nube
700 1# - ADDED ENTRY--PERSONAL NAME
Personal name Albanese, Diana
700 1# - ADDED ENTRY--PERSONAL NAME
Personal name Durán, Regina
773 0# - HOST ITEM ENTRY
Title Escritos contables y de administración
Related parts - Vol. 4, Nº1 (ene./jun. 2013)
Record control number REV2758

No hay ítems disponibles.